[Event "Andorra op 33rd"]
[Site "La Massana"]
[Date "2015.07.19"]
[Round "2"]
[White "Gelis, Dorian"]
[Black "Narciso Dublan, Marc"]
[Result "0-1"]
[WhiteElo "2166"]
[BlackElo "2521"]
[PlyCount "92"]
[EventDate "2015.07.18"]
[EventType "swiss"]
[EventRounds "9"]
[EventCountry "AND"]
[SourceTitle "CBM 167 Extra"]
[Source "ChessBase"]
[SourceDate "2015.09.14"]
[SourceVersion "1"]
[SourceVersionDate "2015.09.14"]
[SourceQuality "1"]

1. e4 d6 2. d4 Nf6 3. Nc3 g6 4. Bf4 a6 5. Qd2 b5 6. f3 Nbd7 7. 0-0-0 Bb7 8. Kb1 e5 9. dxe5 dxe5 10. Be3 c6 11. g4 Qc7 12. g5 Nh5 13. Bh3 Rd8 14. Bxd7+ Rxd7 15. Qxd7+ Qxd7 16. Rxd7 Kxd7 17. Nge2 Bd6 18. Nc1 Ng7 19. Nd3 Ne6 20. h4 c5 21. Nf2 Nd4 22. Rh3 f5 23. h5 Rf8 24. hxg6 hxg6 25. Rh7+ Kc8 26. Rg7 Nxf3 27. Rxg6 f4 28. Bc1 Be7 29. Rg7 Bxg5 30. Nd3 Bf6 31. Rh7 Ng5 32. Rh5 Nxe4 33. Nxe4 Bxe4 34. Nxc5 Bg6 35. Rh6 Bf5 36. Nxa6 f3 37. Be3 e4 38. Rh5 Be5 39. Nc5 Bg3 40. Nb3 f2 41. Nd2 Bh3 42. c4 f1Q+ 43. Nxf1 Bxf1 44. cxb5 Bd3+ 45. Kc1 Rf1+ 46. Kd2 Be1+ 0-1

[Event "Montpellier op 19th"]
[Site "Montpellier"]
[Date "2013.07.10"]
[Round "5"]
[White "Inkiov, Ventzislav"]
[Black "Gelis, Dorian"]
[Result "1/2-1/2"]
[WhiteElo "2440"]
[BlackElo "2113"]
[PlyCount "69"]
[EventDate "2013.07.05"]
[EventType "swiss"]
[EventRounds "9"]
[EventCountry "FRA"]
[SourceTitle "EXT 2014"]
[Source "ChessBase"]
[SourceDate "2013.11.20"]
[SourceVersion "1"]
[SourceVersionDate "2013.11.20"]
[SourceQuality "1"]

1. d4 Nf6 2. c4 g6 3. Nc3 Bg7 4. e4 d6 5. f4 c5 6. d5 0-0 7. Nf3 a6 8. a4 b6 9. Bd3 e6 10. dxe6 fxe6 11. 0-0 Nh5 12. Ng5 Bf6 13. Qg4 Nc6 14. Nxe6 Nd4 15. f5 Nxe6 16. fxe6 Ng7 17. Nd5 Bd4+ 18. Be3 Bxe6 19. Rxf8+ Qxf8 20. Qg5 Bxe3+ 21. Nxe3 Qd8 22. Qf4 Qf8 23. Qh4 Qd8 24. Qf2 Qf8 25. Ra3 Qe7 26. Be2 Rf8 27. Bf3 Ne8 28. Rb3 Qd7 29. Rxb6 Qxa4 30. Qe2 Qa1+ 31. Qd1 Qa2 32. b3 Qa5 33. Rb7 Qd8 34. Bg4 Bf7 35. Bd7 1/2-1/2

[Event "FRA-chT Top 16 Gp Haute"]
[Site "Le Port Marly"]
[Date "2009.05.31"]
[Round "11"]
[White "Gelis, Dorian"]
[Black "Relange, Eloi"]
[Result "0-1"]
[WhiteElo "2124"]
[BlackElo "2482"]
[PlyCount "50"]
[EventDate "2009.05.28"]
[EventType "team"]
[EventRounds "11"]
[EventCountry "FRA"]
[SourceTitle "CBM 130 Extra"]
[Source "ChessBase"]
[SourceDate "2009.07.02"]
[SourceVersion "2"]
[SourceVersionDate "2009.07.15"]
[SourceQuality "1"]

1. e4 c5 2. Nc3 e6 3. Nf3 d6 4. d4 cxd4 5. Nxd4 Nf6 6. g3 Be7 7. Bg2 a6 8. a4 Qc7 9. a5 Nc6 10. Nb3 Nd7 11. Be3 Rb8 12. 0-0 b5 13. axb6 Nxb6 14. Qe2 0-0 15. f4 Nb4 16. Na5 Bd7 17. Rfd1 Rfd8 18. Rd2 Bf6 19. Rad1 Na4 20. e5 dxe5 21. Ne4 Be7 22. b3 Nd5 23. bxa4 Qxa5 24. Ng5 Nxe3 25. Rxd7 Nxd1 0-1

[Event "FRA-ch op-A"]
[Site "Aix les Bains"]
[Date "2007.08.18"]
[Round "5"]
[White "Gelis, Dorian"]
[Black "Soyer, Jean Yves"]
[Result "0-1"]
[WhiteElo "2178"]
[BlackElo "2126"]
[PlyCount "64"]
[EventDate "2007.08.13"]
[EventType "swiss"]
[EventRounds "11"]
[EventCountry "FRA"]
[SourceTitle "CBM 120 Extra"]
[Source "ChessBase"]
[SourceDate "2007.11.01"]
[SourceVersion "1"]
[SourceVersionDate "2007.11.01"]
[SourceQuality "1"]

1. e4 c5 2. Nf3 e6 3. d4 cxd4 4. Nxd4 Nf6 5. Nc3 d6 6. g3 Nc6 7. Bg2 Nxd4 8. Qxd4 Be7 9. 0-0 0-0 10. h3 Qc7 11. Be3 Bd7 12. g4 Bc6 13. g5 Nd7 14. a4 a6 15. a5 Rac8 16. Kh1 Rfe8 17. Qd1 Bf8 18. f4 g6 19. Rg1 Bg7 20. Bd2 b5 21. axb6 Qxb6 22. Qe2 Nc5 23. Rgb1 a5 24. Nd1 a4 25. Bc3 Qb7 26. Bxg7 Nxe4 27. Bxe4 Bxe4+ 28. Kh2 Rxc2 29. Qxc2 Bxc2 30. Bc3 Qe4 31. Rc1 Qxf4+ 32. Kg1 Qg3+ 0-1

[Event "FRA-ch op-A"]
[Site "Aix les Bains"]
[Date "2007.08.16"]
[Round "3"]
[White "Gelis, Dorian"]
[Black "Delabre, Tony"]
[Result "1-0"]
[WhiteElo "2178"]
[BlackElo "2090"]
[PlyCount "87"]
[EventDate "2007.08.13"]
[EventType "swiss"]
[EventRounds "11"]
[EventCountry "FRA"]
[SourceTitle "CBM 120 Extra"]
[Source "ChessBase"]
[SourceDate "2007.11.01"]
[SourceVersion "1"]
[SourceVersionDate "2007.11.01"]
[SourceQuality "1"]

1. e4 e5 2. d4 exd4 3. Qxd4 Nc6 4. Qe3 Nf6 5. Nc3 Bb4 6. Bd2 0-0 7. 0-0-0 Re8 8. Qg3 d6 9. f4 Nxe4 10. Nxe4 Rxe4 11. c3 Bc5 12. Bd3 Re8 13. Nf3 Qf6 14. Nh4 Bd7 15. Rhe1 a6 16. Bc2 b5 17. f5 h6 18. Qf4 a5 19. Nf3 Ne5 20. Kb1 Bc6 21. Nd4 Bxd4 22. cxd4 Nc4 23. Bc1 Bd5 24. Qf2 a4 25. g4 Rxe1 26. Rxe1 b4 27. h4 g5 28. hxg5 hxg5 29. Bxa4 Nb6 30. Bb3 Nc4 31. Re2 Kg7 32. Rc2 Be4 33. Bxc4 c5 34. dxc5 Rc8 35. Be3 dxc5 36. Kc1 Bxc2 37. Kxc2 Qc6 38. f6+ Kg8 39. Qf5 Kf8 40. Kb3 Ra8 41. Qxc5+ Qxc5 42. Bxc5+ Ke8 43. Bxb4 Kd7 44. Bxf7 1-0

[Event "Calvi Balagne op 02nd"]
[Site "Calvi"]
[Date "2005.02.21"]
[Round "3"]
[White "Gelis, Dorian"]
[Black "Baklan, Vladimir"]
[Result "0-1"]
[WhiteElo "2172"]
[BlackElo "2578"]
[PlyCount "74"]
[EventDate "2005.02.20"]
[EventType "swiss"]
[EventRounds "9"]
[EventCountry "FRA"]
[SourceTitle "CBM 105 Extra"]
[Source "ChessBase"]
[SourceDate "2005.05.01"]
[SourceVersion "1"]
[SourceVersionDate "2005.05.01"]
[SourceQuality "1"]

1. e4 c5 2. Nc3 Nc6 3. Bb5 e6 4. Bxc6 bxc6 5. d3 d6 6. Nge2 g6 7. 0-0 Bg7 8. f4 f5 9. Be3 Nf6 10. Kh1 0-0 11. Bg1 Rf7 12. Qe1 Ba6 13. Rd1 Qf8 14. b3 Re8 15. e5 dxe5 16. Na4 Nd7 17. Qa5 Bb5 18. Nac3 Bf6 19. Nb1 Bd8 20. Qa3 a5 21. c4 Ba6 22. fxe5 Bc7 23. Nd2 Qg7 24. Nf3 g5 25. d4 g4 26. Ne1 cxd4 27. Bxd4 c5 28. Bc3 Bxe5 29. Qxa5 Bb7 30. Qb5 Bxc3 31. Nxc3 Rd8 32. Qa5 Rc8 33. Nb5 Qf6 34. Qc3 Qg7 35. Kg1 Rff8 36. Qa5 f4 37. Nc2 Rb8 0-1

[Event "FRA-chT2 0405"]
[Site "France"]
[Date "2004.10.10"]
[Round "1.4"]
[White "Gelis, Dorian"]
[Black "Bollengier, Thierry"]
[Result "1-0"]
[WhiteElo "2172"]
[BlackElo "2157"]
[PlyCount "105"]
[EventDate "2004.10.10"]
[EventType "team"]
[EventRounds "11"]
[EventCountry "FRA"]
[SourceTitle "EXT 2006"]
[Source "ChessBase"]
[SourceDate "2005.11.24"]
[SourceVersion "1"]
[SourceVersionDate "2005.11.24"]
[SourceQuality "1"]
[WhiteTeam "Montpellier  II"]
[BlackTeam "Saint Affrique"]
[WhiteTeamCountry "FRA"]
[BlackTeamCountry "FRA"]

1. e4 c6 2. Nf3 d5 3. Nc3 dxe4 4. Nxe4 Bf5 5. Ng3 Bg4 6. Bc4 e6 7. h3 Bxf3 8. Qxf3 Nf6 9. 0-0 Nbd7 10. Re1 Bd6 11. d4 Qa5 12. c3 0-0 13. Bd3 c5 14. Ne4 Nxe4 15. Qxe4 Nf6 16. Qh4 Rfd8 17. Bg5 Be7 18. Bxh7+ Kf8 19. dxc5 Qxc5 20. Bc2 Ng8 21. Bxe7+ Qxe7 22. Qxe7+ Kxe7 23. Rad1 Nf6 24. Rxd8 Rxd8 25. Rd1 Rc8 26. Rd4 Rc5 27. Kf1 Ne8 28. Ke2 Nd6 29. Kd2 Nc4+ 30. Kc1 Nd6 31. Ra4 a6 32. Bd3 Rc6 33. Kd2 Rc5 34. Rg4 Kf6 35. b4 Rh5 36. c4 b6 37. Kc3 a5 38. a3 axb4+ 39. axb4 Re5 40. Kd4 Re1 41. c5 bxc5+ 42. Kxc5 Ne8 43. b5 Ke7 44. b6 Nd6 45. Ra4 Re5+ 46. Kc6 Rd5 47. Ra7+ Ke8 48. Rd7 Rc5+ 49. Kxc5 Kxd7 50. Bb5+ Nxb5 51. Kxb5 Kd6 52. Ka6 Kc6 53. b7 1-0

[Event "Paris Apsap op 73rd"]
[Site "Paris"]
[Date "2004.08.04"]
[Round "5"]
[White "De Lagontrie, Jean"]
[Black "Gelis, Dorian"]
[Result "1-0"]
[WhiteElo "1968"]
[BlackElo "2179"]
[PlyCount "51"]
[EventDate "2004.08.??"]
[EventType "swiss"]
[EventRounds "9"]
[EventCountry "FRA"]
[SourceTitle "EXT 2006"]
[Source "ChessBase"]
[SourceDate "2005.11.24"]
[SourceVersion "1"]
[SourceVersionDate "2005.11.24"]
[SourceQuality "1"]

1. d4 d6 2. c4 Nf6 3. Nc3 g6 4. e4 Bg7 5. f4 c5 6. d5 Ng4 7. Nf3 Nd7 8. h3 Nh6 9. Bd3 f6 10. 0-0 Nf7 11. e5 dxe5 12. f5 gxf5 13. Bxf5 Bh6 14. Bxh6 Nxh6 15. Nh4 Nf8 16. Qh5+ Nf7 17. Ne4 Bxf5 18. Nxf5 Rg8 19. Nxe7 Kxe7 20. Rxf6 Qe8 21. Raf1 Ng5 22. d6+ Kd7 23. Nxc5+ Kd8 24. Nxb7+ Kd7 25. Nc5+ Kd8 26. Rxf8 1-0

[Event "FRA-ch opA"]
[Site "Val d'Isere"]
[Date "2004.08.??"]
[Round "1"]
[White "Charles, Gerald"]
[Black "Gelis, Dorian"]
[Result "0-1"]
[WhiteElo "2050"]
[BlackElo "2179"]
[PlyCount "62"]
[EventDate "2004.08.16"]
[EventType "swiss"]
[EventRounds "9"]
[EventCountry "FRA"]
[SourceTitle "EXT 2005"]
[Source "ChessBase"]
[SourceDate "2004.11.15"]
[SourceVersion "1"]
[SourceVersionDate "2004.11.15"]
[SourceQuality "1"]

1. Nf3 d6 2. d4 Nf6 3. c4 g6 4. Nc3 Bg7 5. e4 0-0 6. Be2 e5 7. 0-0 Nc6 8. d5 Ne7 9. b4 a5 10. bxa5 Rxa5 11. a4 Nh5 12. Ba3 Nf4 13. Bb4 Ra8 14. c5 Bg4 15. cxd6 cxd6 16. Nb5 Nc8 17. Re1 f5 18. Bd3 Nxd3 19. Qxd3 fxe4 20. Rxe4 Bf5 21. Nd2 Ra6 22. Qa3 Bxe4 23. Nxe4 Rf4 24. Nbxd6 Nxd6 25. Nxd6 Qb6 26. Bc5 Rfxa4 27. Bxb6 Rxa3 28. Rxa3 Rxb6 29. Ra8+ Bf8 30. f4 Rxd6 31. fxe5 Rxd5 0-1

[Event "FRA-chT2S"]
[Site "France"]
[Date "2003.01.19"]
[Round "6.5"]
[White "Bouhlel, Mohamed Ali"]
[Black "Gelis, Dorian"]
[Result "1-0"]
[WhiteElo "2185"]
[BlackElo "2140"]
[PlyCount "37"]
[EventDate "2002.10.??"]
[EventType "team"]
[EventRounds "11"]
[EventCountry "FRA"]
[SourceTitle "EXT 2004"]
[Source "ChessBase"]
[SourceDate "2003.11.25"]
[SourceVersion "1"]
[SourceVersionDate "2003.11.25"]
[SourceQuality "1"]

1. e4 e5 2. Nf3 Nc6 3. d4 exd4 4. Nxd4 Bc5 5. Be3 Qf6 6. c3 d6 7. Qd2 Bd7 8. b4 Bb6 9. a4 a5 10. b5 Nce7 11. Bd3 h6 12. f4 Ng6 13. 0-0 N8e7 14. Na3 Bc5 15. Nc4 Nc8 16. e5 dxe5 17. fxe5 Qe7 18. e6 fxe6 19. Nxe6 1-0

[Event "FRA-ch U18"]
[Site "Hyeres"]
[Date "2002.??.??"]
[Round "8.4"]
[White "Gelis, Dorian"]
[Black "Monroy, Charles"]
[Result "1-0"]
[WhiteElo "2154"]
[BlackElo "2278"]
[PlyCount "135"]
[EventDate "2002.04.05"]
[EventType "swiss"]
[EventRounds "9"]
[EventCountry "FRA"]
[SourceTitle "EXT 2003"]
[Source "ChessBase"]
[SourceDate "2002.11.25"]
[SourceVersion "1"]
[SourceVersionDate "2002.11.25"]
[SourceQuality "1"]

1. e4 c5 2. Nc3 Nc6 3. f4 g6 4. Nf3 Bg7 5. Bc4 e6 6. f5 Nge7 7. fxe6 dxe6 8. d3 0-0 9. 0-0 Na5 10. Qe1 Nec6 11. Bg5 f6 12. Be3 b6 13. Bb5 Nd4 14. Ba4 a6 15. Ne2 b5 16. Nexd4 cxd4 17. Bd2 Nc6 18. Bb3 a5 19. a4 b4 20. Qg3 Kh8 21. Rae1 e5 22. Qh4 Qe7 23. Bd5 Bd7 24. Bh6 Rac8 25. b3 Nd8 26. Bc4 Nf7 27. Bxg7+ Kxg7 28. Nd2 Ng5 29. Nf3 Nf7 30. Nd2 Nd6 31. Rf3 Rh8 32. Ref1 Rcf8 33. Qf2 g5 34. Qg3 h5 35. Rxf6 Bg4 36. Rxf8 Rxf8 37. Rxf8 Kxf8 38. Nf3 Bxf3 39. Qxf3+ Kg7 40. Qxh5 Qf6 41. Qg4 Qf4 42. Qxf4 gxf4 43. Kf2 Ne8 44. g3 fxg3+ 45. Kxg3 Nf6 46. Kh4 Kh6 47. Be6 Kg6 48. Bc4 Kh6 49. Bf7 Kg7 50. Bh5 Kh6 51. Bf7 Kg7 52. Kg5 Kxf7 53. Kf5 Ke7 54. h4 Nd7 55. h5 Kf7 56. h6 Nf6 57. Kxe5 Ng4+ 58. Kxd4 Nxh6 59. Kc5 Ke6 60. Kb5 Kd6 61. d4 Ng4 62. Kxa5 Ne3 63. Kxb4 Nxc2+ 64. Kc3 Ne1 65. a5 Kc6 66. Kc4 Nf3 67. d5+ Kc7 68. b4 1-0

[Event "FRA-ch U18"]
[Site "Hyeres"]
[Date "2002.??.??"]
[Round "2.9"]
[White "Gelis, Dorian"]
[Black "Queiras, Nicolas"]
[Result "0-1"]
[WhiteElo "2154"]
[BlackElo "2015"]
[PlyCount "94"]
[EventDate "2002.04.05"]
[EventType "swiss"]
[EventRounds "9"]
[EventCountry "FRA"]
[SourceTitle "EXT 2003"]
[Source "ChessBase"]
[SourceDate "2002.11.25"]
[SourceVersion "1"]
[SourceVersionDate "2002.11.25"]
[SourceQuality "1"]

1. e4 Nc6 2. Nf3 d6 3. d4 Nf6 4. Nc3 Bg4 5. Be3 e5 6. d5 Nb8 7. Be2 Be7 8. Nd2 Bxe2 9. Qxe2 c6 10. f4 Qc7 11. g4 h5 12. g5 Ng4 13. f5 Nd7 14. Nf3 Nxe3 15. Qxe3 Nb6 16. Qd3 0-0-0 17. 0-0-0 Kb8 18. h4 Rc8 19. Rh2 f6 20. Rg1 Qd7 21. Rhg2 c5 22. Qb5 Qc7 23. Qe2 a6 24. gxf6 Bxf6 25. Ng5 Qd7 26. Ne6 Na4 27. Nxa4 Qxa4 28. Kb1 Rh7 29. Nxg7 Bxh4 30. Ne6 Be7 31. Rg6 Rf7 32. Rg7 Rxg7 33. Rxg7 Bf6 34. Rg6 Bh4 35. f6 Qe8 36. Rh6 Qf7 37. Qf1 Rg8 38. a3 Bg5 39. Nxg5 Rxg5 40. Qh3 Qf8 41. Rh7 Rg1+ 42. Ka2 Qd8 43. Qxh5 Qxf6 44. Qe8+ Ka7 45. Qd7 Ra1+ 46. Kb3 Qf3+ 47. Ka4 Qxe4+ 0-1

[Event "FRA-ch U18"]
[Site "Hyeres"]
[Date "2002.??.??"]
[Round "9.3"]
[White "Libiszewski, Fabien"]
[Black "Gelis, Dorian"]
[Result "1-0"]
[WhiteElo "2306"]
[BlackElo "2154"]
[PlyCount "97"]
[EventDate "2002.04.05"]
[EventType "swiss"]
[EventRounds "9"]
[EventCountry "FRA"]
[SourceTitle "EXT 2003"]
[Source "ChessBase"]
[SourceDate "2002.11.25"]
[SourceVersion "1"]
[SourceVersionDate "2002.11.25"]
[SourceQuality "1"]

1. Nf3 Nf6 2. d4 g6 3. Nc3 d5 4. Bf4 Bg7 5. e3 Nh5 6. Bg5 h6 7. Bh4 c6 8. Bd3 Nd7 9. Qd2 g5 10. Bg3 Nxg3 11. hxg3 e5 12. Bf5 Qe7 13. Na4 e4 14. Ng1 Nf8 15. Bxc8 Rxc8 16. Nc5 b6 17. Nb3 Ne6 18. Rc1 f5 19. c4 0-0 20. Ne2 Rfd8 21. cxd5 cxd5 22. Rxc8 Rxc8 23. Nc3 Qd6 24. Qe2 Nc7 25. Kd2 Ne8 26. Rc1 Nf6 27. Nxd5 Rxc1 28. Nxf6+ Bxf6 29. Kxc1 Qc6+ 30. Kb1 a5 31. Qa6 Qc7 32. Qb5 f4 33. gxf4 gxf4 34. Qd5+ Kg7 35. Qxe4 Qc4 36. Nc1 fxe3 37. fxe3 a4 38. Qb7+ Kg6 39. Qxb6 Qf1 40. Qc6 Kh5 41. Qc2 Bg5 42. Qe2+ Qxe2 43. Nxe2 Bxe3 44. Kc2 Kg4 45. Kd3 Bg5 46. Ke4 h5 47. Ke5 h4 48. d5 Bh6 49. d6 1-0

[Event "Saint Affrique op 10th"]
[Site "Saint Affrique"]
[Date "2002.??.??"]
[Round "5"]
[White "Todorov, Ognjan"]
[Black "Gelis, Dorian"]
[Result "0-1"]
[WhiteElo "2376"]
[BlackElo "2154"]
[PlyCount "76"]
[EventDate "2002.07.20"]
[EventType "swiss"]
[EventRounds "9"]
[EventCountry "FRA"]
[SourceTitle "EXT 2003"]
[Source "ChessBase"]
[SourceDate "2002.11.25"]
[SourceVersion "1"]
[SourceVersionDate "2002.11.25"]
[SourceQuality "1"]

1. d4 Nf6 2. Nf3 g6 3. c4 Bg7 4. g3 d6 5. Bg2 0-0 6. 0-0 Nc6 7. d5 Na5 8. Qa4 b6 9. Nbd2 Bd7 10. Qd1 Rc8 11. b4 Nb7 12. Bb2 c5 13. dxc6 Bxc6 14. e4 Rc7 15. Nd4 Bd7 16. h3 Qc8 17. Kh2 Nh5 18. Qb3 e5 19. Nc2 b5 20. Na3 bxc4 21. Ndxc4 Be6 22. Rfc1 Bh6 23. Rc2 a5 24. Bc1 Bg7 25. Be3 axb4 26. Qxb4 Qd7 27. Nb6 Qe7 28. Rxc7 Qxc7 29. Nb5 Qb8 30. a4 Nf6 31. a5 Nd7 32. Nxd7 Bxd7 33. Nc3 Nc5 34. Qa3 Be6 35. a6 Rc8 36. a7 Qa8 37. Nb5 Bf8 38. Nc3 Nb3 0-1

[Event "FRA-chT 0001 U18"]
[Site "France"]
[Date "2001.??.??"]
[Round "9"]
[White "Gelis, Dorian"]
[Black "Chouquet, Adrien"]
[Result "1-0"]
[WhiteElo "2080"]
[BlackElo "2050"]
[PlyCount "103"]
[EventDate "2000.??.??"]
[EventType "team"]
[EventRounds "11"]
[EventCountry "FRA"]
[SourceTitle "EXT 2003"]
[Source "ChessBase"]
[SourceDate "2002.11.25"]
[SourceVersion "1"]
[SourceVersionDate "2002.11.25"]
[SourceQuality "1"]

1. e4 e6 2. d4 d5 3. e5 c5 4. c3 Nc6 5. Nf3 Qb6 6. Be2 Bd7 7. b3 cxd4 8. cxd4 Bb4+ 9. Kf1 Be7 10. Bb2 Nh6 11. Nc3 Na5 12. Rb1 0-0 13. g3 Nf5 14. Bd3 g6 15. h4 f6 16. Kg2 Be8 17. g4 Ng7 18. Qd2 f5 19. Qh6 Bd7 20. Ng5 Bxg5 21. hxg5 Kf7 22. gxf5 exf5 23. Ne2 Nc6 24. Nf4 Nb4 25. Qxh7 Rh8 26. e6+ Qxe6 27. Qxh8 Rxh8 28. Nxe6 Rxh1 29. Rxh1 Nxe6 30. Bb1 Nxg5 31. Rh8 Nc6 32. Kg3 Kg7 33. Rh1 Kf6 34. Kf4 Ne6+ 35. Ke3 f4+ 36. Kd2 Nexd4 37. Rh7 Bf5 38. Bxf5 Kxf5 39. Bxd4 Nxd4 40. Rxb7 Ke4 41. Rxa7 Kf3 42. Rg7 Kxf2 43. Rxg6 Kf3 44. Kd3 Ne2 45. a4 Nc1+ 46. Kc2 Ne2 47. a5 Ke4 48. a6 Nd4+ 49. Kd1 Nb5 50. Rb6 Na7 51. Rb7 Nc6 52. Rc7 1-0